BIBLIOTHÈQUE DE LA MAISON DU MEXIQUE

Logo 1 Logo 2

Vidas de San Ildefonso y San Isidoro (notice nᵒ 11820)

détails MARC
000 -Sello discográfico
campo de control de longitud fija 01087nam a2200349 4500
005 - Identificación de versión
campo de control 20250925141617.0
035 ## - Otros números de control del sistema
Número de control del sistema 4046
099 ## - fechas locales
Tipo de ítem Koha LIBRO
100 ## - Datos de procesamiento general
Datos de procesamiento general 20040928d1952 m y1spay5003 ba
200 1# - Título y mención de responsabilidad
Título propio Vidas de San Ildefonso y San Isidoro
Designación general del material texto impreso
Primer mención de responsabilidad Arcipreste de Talavera
Declaración de responsabilidad subsiguiente edición, prólogo y notas José Madoz y Moleres
210 ## - Publicación, distribución, etc.
Lugar de publicación, distribución, etc. Madrid
Nombre del editor, distribuidor, etc. Espasa - Calpe
Fecha de publicación, distribución, etc. 1952
215 ## - Descripción física
Designación de material específico y extensión del ítem CIII + 167 p
Dimensiones 19 cm
318 ## - Nota de acción
Acción No se presta a domicilio
345 ## - Nota de información de adquisición
Fuente de adquisición/dirección de la suscripción [OBSOLETO] Donación
410 #1 - Series
Título Clásicos Castellanos
Número de volumen 134
600 ## - Nombre personal usado como materia
Elemento de entrada Ildefonso
Fechas ca. 610-667
Adiciones al nombre que no sean fechas Santo
Subdivisión temática Biografía
Número Koha 18479
676 ## - Clasificación Decimal Dewey
Número R860 C614 v.134
700 ## - Nombre personal - Responsabilidad primaria
Elemento de entrada Martínez de Toledo
Parte del nombre distinta del elemento de entrada Alfonso
Adiciones a los nombres que no sean fechas Arcipreste de Talavera
Número Koha 18480
702 ## - Nombre personal - Responsabilidad secundaria
Elemento de entrada Madoz y Moleres
Parte del nombre distinta del elemento de entrada José
Número Koha 18481
801 #0 - Fuente de origen
Agencia cm
856 4# - Localización electrónica y acceso
Identificador Uniforme de Recurso http://www.cervantesvirtual.com/servlet/SirveObras/12048175339089391865624/index.htm
900 ## -
-- 1/8146
900 ## -
-- 7100419912\280904
942 ## - ELEMENTOS DE ENTRADA SECUNDARIOS (KOHA)
Tipo de ítem Koha Livre

Pas d'exemplaire disponible.